000 00492nam a2200169Ia 4500
999 _c21282
_d21282
003 OSt
005 20200615101001.0
008 190216s9999||||xx |||||||||||||| ||und||
020 _a9788190317740
040 _coclc
082 _a305.420954
_bSEN/R
100 _aSen, Bimla
_92864
245 0 _aRole Of Women In Indian Society /
_cBimla Sen
260 _bBetter Books,
_aPanchkula:
_c2007.
300 _a216p
942 _cBK
_2ddc
_h305.420954
_iSEN/R
_k305.420954
_mSEN/R